Advanced Drug Formulation Design to Optimize Therapeutic Outcomes Outcomes, Vol. 172 (Record no. 876920)

MARC details
000 -LEADER
fixed length control field 00417nam a2200133Ia 4500
008 - FIXED-LENGTH DATA ELEMENTS--GENERAL INFORMATION
fixed length control field 230922s2008 xx 000 0 und d
020 ## - INTERNATIONAL STANDARD BOOK NUMBER
International Standard Book Number 9781420043877
041 ## - LANGUAGE CODE
Language code of text/sound track or separate title eng
082 ## - DEWEY DECIMAL CLASSIFICATION NUMBER
Classification number 615.19
Item number WIL
100 ## - MAIN ENTRY--PERSONAL NAME
Personal name Williams, R. O., Traft, D. R.
245 ## - TITLE STATEMENT
Title Advanced Drug Formulation Design to Optimize Therapeutic Outcomes Outcomes, Vol. 172
260 ## - PUBLICATION, DISTRIBUTION, ETC.
Name of publisher, distributor, etc. Informa Healthcare, New York, NY 10017
Date of publication, distribution, etc. 2008
300 ## - PHYSICAL DESCRIPTION
Extent 510p
Holdings
Withdrawn status Lost status Damaged status Not for loan Collection Home library Current library Date acquired Source of acquisition Cost, normal purchase price Total Checkouts Full call number Barcode Date last seen Price effective from Koha item type
        PCP Poona College of Pharmacy, Pune Poona College of Pharmacy, Pune 15/05/2023 Bharati Madhyavarti Sahakari Grahak Bhandar, LTD. Pune 5995.00   615.19 WIL PCP-BA-3041 22/09/2023 22/09/2023 Book